LEADER 01037nam0-22003491i-450- 001 990000722690403321 005 20081118115053.0 035 $a000072269 035 $aFED01000072269 035 $a(Aleph)000072269FED01 035 $a000072269 100 $a20020821d1964----km-y0itay50------ba 101 0 $aita 105 $aa-------001yy 200 1 $a<>museo e la certosa di S. Martino$earte storia, poesia$fGino Doria 210 $aCava dei Tirreni$cDi Mauro$dstampa 1964 215 $a118 p.$cill.$d31 cm 307 $aIn custodia 610 0 $aMuseo di S. Martino$aNapoli 610 0 $aNapoli$aCertosa di S. Martino 676 $a720.9457 700 1$aDoria,$bGino$f<1888-1975>$0296125 801 0$aIT$bUNINA$gRICA$2UNIMARC 901 $aBK 912 $a990000722690403321 952 $aSEZ.NA C 55$b8997$fFARBC 952 $a720.945 DOR 1$bST.ARTE 6771$fFLFBC 952 $aSEZ.NA C 957$b16394$fFARBC 959 $aFARBC 959 $aFLFBC 996 $aMuseo e la Certosa di S. Martino$9266517 997 $aUNINA LEADER 01726nam0 22003973i 450 001 CFI0056520 005 20251003044116.0 100 $a20110607d1984 ||||0itac50 ba 101 | $aita$cita 102 $ait 181 1$6z01$ai $bxxxe 182 1$6z01$an 183 1$6z01$anc$2RDAcarrier 200 1 $aˆIl ‰patto contro l'inflazione$econtenuti e documenti delle intese governo-sindacati$f[a cura di Tiziano Treu$gpresentazione di Pierre Carniti] 210 $aRoma$cLavoro$d[1984] 215 $a323 p.$d21 cm. [[I 225 | $aContributi$v14 410 0$1001CFI0003787$12001 $aContributi$v14 500 11$aˆIl ‰patto contro l'inflazione$3TSA1810060$9458312 606 $aInflazione$xItalia$x1983-1984$2FIR$3CFIC019334$9I 676 $a332.4$9MONETA$v11 676 $a332.4$9$v21 676 $a332.4$9MONETA$v23 676 $a332.410945$9VALORE DELLA MONETA. ITALIA$v19 676 $a338.945$9SVILUPPO ECONOMICO E POLITICHE DI SVILUPPO. Italia$v20 702 1$aTreu$b, Tiziano$3CFIV003901 702 1$aCarniti$b, Pierre$3CFIV028020 801 3$aIT$bIT-000000$c20110607 850 $aIT-BN0095 $aIT-SA0200 901 $bNAP 63$cMOD $n$ 901 $bNAP 01$cPOZZO LIB.$nVi sono collocati fondi di economia, periodici di ingegneria e scienze, periodici di economia e statistica e altri fondi comprendenti documenti di economia pervenuti in dono. 912 $aCFI0056520 950 0$aBiblioteca Centralizzata di Ateneo$c1 v.$d 01POZZO LIB.F. SANTI 242$e 0101 0060032415E VMA 1 v. (Precedente collocazione S 249)$fB $h20221109$i20221109 977 $a 01$a 63 996 $aPatto contro l'inflazione$9458312 997 $aUNISANNIO